LEADER 01814nam 2200577 a 450 001 9910785182203321 005 20200520144314.0 010 $a1-61728-423-8 035 $a(CKB)2670000000041885 035 $a(EBL)3020738 035 $a(SSID)ssj0000417888 035 $a(PQKBManifestationID)12121436 035 $a(PQKBTitleCode)TC0000417888 035 $a(PQKBWorkID)10368504 035 $a(PQKB)11063726 035 $a(MiAaPQ)EBC3020738 035 $a(Au-PeEL)EBL3020738 035 $a(CaPaEBR)ebr10680876 035 $a(OCoLC)662453024 035 $a(EXLCZ)992670000000041885 100 $a20090209d2009 uy 0 101 0 $aeng 135 $aur|n|---||||| 181 $ctxt 182 $cc 183 $acr 200 00$aFood science and security$b[electronic resource] /$fLouis Amsel and Lena Hirsch, editors 210 $aHauppauge, N.Y. $cNova Science Publishers$dc2009 215 $a1 online resource (344 p.) 300 $aIncludes index. 311 $a1-60692-977-1 606 $aAgricultural innovations$zDeveloping countries 606 $aBiotechnology$zDeveloping countries 606 $aFood industry and trade$xTechnology transfer$zDeveloping countries 606 $aFood supply$zDeveloping countries 606 $aFood industry and trade$xQuality control 615 0$aAgricultural innovations 615 0$aBiotechnology 615 0$aFood industry and trade$xTechnology transfer 615 0$aFood supply 615 0$aFood industry and trade$xQuality control. 676 $a338.1/9 701 $aAmsel$b Louis$01477993 701 $aHirsch$b Lena$01477994 801 0$bMiAaPQ 801 1$bMiAaPQ 801 2$bMiAaPQ 906 $aBOOK 912 $a9910785182203321 996 $aFood science and security$93693542 997 $aUNINA LEADER 01332oam 2200421zu 450 001 9910164324603321 005 20240709194541.0 010 $a0-8031-5222-1 035 $a(CKB)3170000000044095 035 $a(SSID)ssj0001489557 035 $a(PQKBManifestationID)11920273 035 $a(PQKBTitleCode)TC0001489557 035 $a(PQKBWorkID)11473305 035 $a(PQKB)10240996 035 $a(EXLCZ)993170000000044095 100 $a20160829d1993 uy 101 0 $aeng 181 $ctxt 182 $cc 183 $acr 200 00$aComposite Materials: Fatigue and Fracture. Vol. 4 210 31$a[Place of publication not identified]$cAmerican Society for Testing & Materials$d1993 300 $aBibliographic Level Mode of Issuance: Monograph 311 $a0-8031-1498-2 517 $aComposite Materials 606 $aChemical & Materials Engineering$2HILCC 606 $aEngineering & Applied Sciences$2HILCC 606 $aMaterials Science$2HILCC 615 7$aChemical & Materials Engineering 615 7$aEngineering & Applied Sciences 615 7$aMaterials Science 702 $aAshbaugh$b Noel E.$f1940- 702 $aStinchcomb$b W. W 801 0$bPQKB 906 $aBOOK 912 $a9910164324603321 996 $aComposite Materials: Fatigue and Fracture. Vol. 4$91987993 997 $aUNINA